Top 5 polskich powiatów wg kategorii - Statystyki

Ogólne statystyki
  • Ten quiz został rozwiązany 22 razy
    20 od ostatniego zresetowania
  • Średni wynik to 18 z 50
Statystyki odpowiedzi
Najmniejsza liczba ludności % Poprawnych
białostocki
81%
poznański
69%
aleksandrowski
63%
Zabrze
63%
augustowski
56%
Białystok
56%
sejneński
56%
Sopot
56%
Sopot
56%
Wrocław
56%
żyrardowski
56%
żywiecki
56%
bieszczadzki
50%
Bydgoszcz
50%
krakowski
50%
Świętochłowice
50%
bartoszycki
44%
Bytom
44%
żuromiński
44%
będziński
38%
Biała Podlaska
38%
Krosno
38%
Siemianowice Śląskie
38%
Świnoujście
38%
żarski
38%
Żory
38%
bialski
31%
Bielsko-Biała
31%
kielecki
31%
mikołowski
31%
olsztyński
31%
rybnicki
31%
bieruńsko-lędziński
25%
leski
25%
Zamość
25%
Zamość
25%
Zielona Góra
25%
żniński
25%
gołdapski
19%
nowosądecki
19%
Skierniewice
19%
Tarnobrzeg
19%
wejherowski
19%
bełchatowski
13%
słupski
13%
wodzisławski
13%
wołomiński
13%
Leszno
6%
pruszkowski
6%
węgorzewski
6%
Nie znaleziono quizów pasujących do podanych kryteriów
Rozkład punktacji
Procent ludzi z każdym wynikiem
Percentyl według liczby udzielonych odpowiedzi
Twoja historia wyników
Nie rozwiązałeś tego quizu od ostatniego zresetowania